Important Warhammer 40k Characters Quiz - Statistics

General Stats
  • This quiz has been taken 181 times
  • The average score is 13 of 21
Answer Stats
Hint Answer % Correct
Currently Resides on the Golden Throne after the Imperium's greatest civil war and is now guiding ships using the astronomicon as well as blessing his greatest soldiers. God Emperor of Mankind
98%
Was tricked into the chaos god's service and persuaded to betray the emperor on a massive scale. He would fail in his effort and his soul would be destroyed. Horus Lupercal
97%
Protagonist of the Space Marine video game series. Was exiled as a Blackshield but later underwent the rubicon surgery after a fatal injury and rejoined the Ultramarines. Lieutenant Titus
83%
Primarch who broke the Emperor's Webway project and subsequently had his planet ravaged by his Brother's legion. Magnus the Red
81%
A recently returned Primarch who has made it his mission to save the Imperium and seal The Great Rift that split after the fall of Cadia. Roboute Guiliman
77%
1000 year old chapter master of the Blood Angels legion. Held back the Tyranids at the devastation of Baal. Recently underwent the Rubicon surgery. Commander Dante
73%
Current Warmaster of chaos who has orchestrated the Black Crusades. Formerly first captain of the Sons of Horus. Ezekyle Abbadon
72%
Ancient leader of the Necron race who sent them into a long slumber while standing vigil. Szarekh The Silent King
70%
Primarch who enacted the siege of the above Primarch's homeworld. Leman Russ
68%
The Emperor's right hand, who attempted to keep the Primarchs in line. Founder of the Inquisition. Malcador the Sigillite
68%
Imperial Comissar who thwarted the attempts of the above and became a legend by attaching an ork claw to his arm and saving Hive Hades. Sebastian Yarrick
66%
Living Saint of the Imperium who was formerly a former Battle Sister of The Order of Our Martyred Lady. Saint Celestine
62%
Tau hero who fought in the Damocles Gulf Crusade. He later seceded from the Tau Empire and founded the ____ enclave. Commander Farsight
57%
Founder of the Black Templars Chapter and arguably the best duelist among all Space Marines. Sigismund
51%
Leader of the Custodian Guard. After the heresy he went into self-imposed exile and has not been seen since. Constantin Valdor
49%
Prophet of the Orks who has enacted two holy wars against the Imperial planet of Armageddon. Ghazghkull Mag Uruk Thraka
39%
Captain of the Victrix guard of the Ultramarines. Soldier with high aspirations for promotion and a strong personality. Cato Sicarius
37%
Current Captain General of the Adeptus Custodes. Also of current High Lord of Terra. Trajan Valoris
37%
Leader of the Red Corsairs Warband that formerly protected the Badab sector near the Maelstrom until they fought a civil war with the Imperium. Huron Blackheart
34%
Cheif Farseer of the Ulthwe Craftworld. Attempted to warn Fulgrim of his brother's heresy, but his warnings went unheaded. Eldrad Ulthran
33%
Black Templars space marine who survived the battle of Helsreach while fighting the orks on Armageddon. Reclusiarch Grimaldus
27%
No matching quizzes found
Score Distribution
Percent of People with Each Score
Percentile by Number Answered
Your Score History
You have not taken this quiz